000 00977nam a2200241Ia 4500
003 OSt
005 20221005112817.0
006 a|||||r|||| 00| 0
007 ta
008 221004b |||||||| |||| 00| 0 pan d
020 _a8182990408 (hbk)
_c225
024 _a95956
037 _b72870, 31/12/2008, Arsee Publishers
_cTextual
040 _aCRL
_cCRL
_bpan
041 _2pan
_apan
082 _aV2,21y7N32, 153P4
100 _aਬੀਰ, ਬੀ ਐਮl ਸੇਠੀ, ਸੁਰਿੰਦਰ ਬੀਰ ਸਿੰਘ
_9624414
245 0 _aਇਕ ਵਿਲੱਖਨ ॥ਸੀਅਤ ਪ੍ਰਧਾਨ ਮੰਤਰੀ ਡਾ ਮਨਮੋਹਨ ਸਿੰਘ
260 _aਦਿੱਲੀ
_bਆਰਸੀ ਭਾਰਤ
_c2004
300 _a188ਪੰ
_ccm.
942 _hV2,21y7N32, 153P4
_cTEXL
_2cc
999 _c1026050
_d1026050